=LDR 00000nam 2200000 4500 =001 INLIS000000000018327 =005 20130612113514 =008 ***********************************Ind** =035 ##$$0010-061300000018327 =041 ##$$a Ind =082 ##$$a 631.3 =090 ##$$a 631.3, San p =100 ##$$a Santoso, Hioronymus Budi =245 ##$$a Perontok biji kedelai, hieronimus Budi Santoso =260 ##$$a 1994 $b Yogyakarta =300 ##$$a 35 hlm, ilus, 21 cm =650 ##$$a Alat perontok =850 ##$$a NBPNMAT